Filmographie de Quentin Tarantino - Mort subite - Statistiques

Statistiques générales
  • Ce quiz a été pris 1 699 fois
  • Le résultat moyen est 9 sur 10
Answers on the Grid
Answers color-coded by a green-red scale on the quiz's grid according to % correct below.
Babylon
Inglourious Basterds
Django Unchained
Titanic
Reservoir Dogs
Inception
Once Upon a Time… in Hollywood
Matrix
Men In Black
Arrête-moi si tu peux
Les Huit Salopards
Les Infiltrés
Kill Bill: Volume 1
Requiem for a Dream
Pulp Fiction
Kill Bill : Volume 2
Old Boy
Jackie Brown
Big Fish
American Psycho
Boulevard de la mort
 
Statistiques - réponses
Réponse % Correct
Django Unchained
95%
Kill Bill: Volume 1
93%
Inglourious Basterds
92%
Kill Bill : Volume 2
92%
Pulp Fiction
92%
Once Upon a Time… in Hollywood
91%
Reservoir Dogs
88%
Les Huit Salopards
84%
Jackie Brown
74%
Boulevard de la mort
71%
Aucun quiz correspondant
Distribution des résultats
% des personnes avec chaque résultat
Percentile par nombre de réponses
Votre historique - résultats
Vous n’avez pas pris ce quiz